| 000 | 00517nam a22001697a 4500 | ||
|---|---|---|---|
| 999 |
_c63960 _d63960 |
||
| 005 | 20260227105112.0 | ||
| 008 | 260227s2022 enk||||| |||| 00| 0 eng d | ||
| 020 | _a9780141992280x | ||
| 041 | _aeng | ||
| 080 | _a94(510) H-25 | ||
| 100 |
_aHarding, Christopher _927006 |
||
| 245 |
_aThe Japanese: _bA History in Twenty Lives / _cChristopher Harding. |
||
| 264 |
_b Penguin Books, _c2022. |
||
| 300 |
_a509 p.; _b20 cm. |
||
| 653 | _aიაპონიის ისტორია | ||
| 942 |
_2udc _cᲬᲘᲒᲜᲘ |
||